Shri Guru Arjuna Dev (Record no. 2172)

MARC details
000 -LEADER
fixed length control field 00592nam a2200241 a 4500
020 ## - INTERNATIONAL STANDARD BOOK NUMBER
ISBN
082 00 - DEWEY DECIMAL CLASSIFICATION NUMBER
Classification number 294.6
Author Cutter SIN3
100 ## - MAIN ENTRY--AUTHOR NAME
Author name Singh, Brijindra
245 ## - TITLE STATEMENT
Title Shri Guru Arjuna Dev
Sub title the Poet and the Organizer
260 ## - PUBLICATION, DISTRIBUTION, ETC. (IMPRINT)
Place of publication Amritsar
Name of publisher Bazar Mai Sewan
Year of publication 1936
300 ## - PHYSICAL DESCRIPTION
Number of Pages 52p
500 ## - GENERAL NOTE
General note includes index and biblioraphy
505 2# - FORMATTED CONTENTS NOTE
Formatted contents note reference
650 ## - SUBJECT ADDED ENTRY--TOPICAL TERM
Topical Term Sikhism
942 ## - ADDED ENTRY ELEMENTS (KOHA)
Koha item type Books
700 1# -
-- Singh, Brijindra
Holdings
Home library Current library Date acquired Cost, normal purchase price Full call number Accession Number Koha item type
Henry Martyn Institute Library Henry Martyn Institute Library 07/26/2007 100.00 294.6 SIN3 4871 Archive Book
                   Copyright © 2026 | Henry Martyn Institute | Hyderabad | TS-500052 | INDIA | Implemented by hmi.edu.in
Hit-Count:

Powered by Koha